| 000 | 00509nam a2200181Ia 4500 | ||
|---|---|---|---|
| 005 | 20250603145320.0 | ||
| 008 | 250603s9999 xx 000 0 und d | ||
| 020 | _a9780321822031 | ||
| 050 | _aHD 8039.D37 .M36/ | ||
| 100 | _aMantle, Mickey W. | ||
| 245 | 0 | _aManaging the unmanageable : rules, tools, and insights for managing software people and teams | |
| 260 | _aUnited Kingdom | ||
| 260 | _bPearson Education Ltd. | ||
| 260 | _c2013 | ||
| 300 | _a422 p | ||
| 650 | _aUnited Kingdom | ||
| 942 | _cBK | ||
| 999 |
_c41500 _d41500 |
||